Thesaurus Biblicus, seu, Promptuarium sacrum : whereunto are added all the marginal readings with the words of the text, and many words in the text expounded by the text, all alphabetically set down throughout the Bible : in the end is annexed an abstract of the principal matters contained in the Holy Scripture /

Bibliographic Details
Main Author: Bernard, Richard, 1568-1641
Other Authors: Retchford, William
Format: eBook
Language:English
Published: London : For Andrew Crook, Luke Fawne, and John Williams, 1661.
Edition:The second edition, very much enlarged /
Series:Early English books online.
Subjects:
Online Access:Connect to the full text of this electronic book

MARC

Tag First Indicator Second Indicator Subfields
LEADER 00000nam a2200000Ia 4500
001 in00004185021
005 20200807090113.0
006 m g d
007 cr bn |||a|bb|
008 821008s1661 enk o 00| | eng d
035 |a (OCoLC)8845285 
040 |d m/c  |d UMI  |d WaOLN 
037 |a CL0037000043  |b ProQuest Information and Learning. 300 N. Zeeb Rd., Ann Arbor, MI 48106 
090 |a BS425  |b .B47 1661 
049 |a UMIA 
100 1 |a Bernard, Richard,  |d 1568-1641. 
245 1 0 |a Thesaurus Biblicus, seu, Promptuarium sacrum :  |b whereunto are added all the marginal readings with the words of the text, and many words in the text expounded by the text, all alphabetically set down throughout the Bible : in the end is annexed an abstract of the principal matters contained in the Holy Scripture /  |c by Richard Bernard. 
250 |a The second edition, very much enlarged /  |b by William Retchforde. 
260 |a London :  |b For Andrew Crook, Luke Fawne, and John Williams,  |c 1661. 
300 |a 1 online resource ([483], 176, [2] pages) 
336 |a text  |b txt  |2 rdacontent 
337 |a computer  |b c  |2 rdamedia 
338 |a online resource  |b cr  |2 rdacarrier 
500 |a "The Bibles abstract and epitomy" has special t.p. and separate pagination. 
500 |a Reproduction of original in the University of Illinois (Urbana-Champaign Campus). Library. 
510 4 |a Wing  |c B2036. 
533 |a Electronic reproduction.  |b Ann Arbor, Mich. :  |c UMI,  |d 1999-  |f (Early English books online)  |n Digital version of: (Early English books, 1641-1700 ; 1274:22)  |7 s1999 miun s 
630 0 0 |a Bible  |v Concordances, English. 
700 1 |a Retchford, William. 
740 0 |a Promptuarium sacrum. 
740 0 |a Bibles abstract and epitome. 
830 0 |a Early English books online. 
856 4 0 |u http://proxy.library.tamu.edu/login?url=https://search.proquest.com/docview/2248515272  |z Connect to the full text of this electronic book  |t 0 
999 f f |s 5e35b767-f318-37eb-9ac7-42593de4611d  |i 7834c7bd-c2c1-3346-b9b2-27a3eaf2baa7  |t 0 
952 f f |a Texas A&M University  |b College Station  |c Electronic Resources  |d Available Online  |t 0  |e BS425 .B47 1661  |h Library of Congress classification 
998 f f |a BS425 .B47 1661  |t 0  |l Available Online